All 100 Brawlers - Brawl Stars - Statistics

General Stats
  • This quiz has been taken 192 times
  • The average score is 68 of 100
Answer Stats
Brawlers % Correct
. Shelly
98%
. Colt
97%
. Bull
92%
. Leon
90%
. Crow
89%
. El Primo
89%
. Sirius
88%
. Spike
88%
. Nita
87%
. Rosa
87%
. Barley
86%
. Frank
86%
. 8-Bit
85%
. Brock
85%
. Jessie
85%
. Piper
84%
. Poco
84%
. Rico
84%
. Bo
82%
. Dynamike
82%
. Tick
82%
. Emz
81%
. Mortis
81%
. Kaze
80%
. Surge
80%
. Bibi
79%
. Darryl
79%
. Penny
79%
. Amber
78%
. Jacky
77%
. Pam
77%
. Sandy
77%
. Edgar
76%
. Meg
76%
. Carl
75%
. Tara
75%
. Bea
74%
. Grom
73%
. Kit
73%
. Gus
71%
. Chester
70%
. Mandy
70%
. Mr.P
70%
. Cordelius
69%
. Gene
69%
. Kenji
69%
. Pierce
68%
. Stu
68%
. Buzz
67%
. Byron
67%
. Gale
67%
. Hank
67%
. Sam
67%
. Draco
66%
. Max
66%
. Chuck
64%
. Fang
64%
. Griff
64%
. Nani
64%
. Berry
63%
. Doug
63%
. Janet
63%
. Lou
63%
. Angelo
62%
. Colette
62%
. Juju
60%
. Shade
60%
. Sprout
60%
. Lily
59%
. Mico
59%
. Ruffs
59%
. Eve
58%
. Gigi
58%
. Otis
58%
. Willow
58%
. Glowy
56%
. Moe
56%
. Ziggy
56%
. Alli
55%
. Belle
55%
. Bonnie
55%
. Maisie
54%
. Squeak
53%
. Clancy
52%
. Trunk
52%
. Lola
51%
. Ash
49%
. Gray
49%
. Larry&Lawrie
49%
. Meeple
49%
. Pearl
49%
. R-T
48%
. Buster
47%
. Mina
47%
. Finx
46%
. Melodie
46%
. Ollie
46%
. Charlie
45%
. Jae-Yong
45%
. Lumi
43%
No matching quizzes found
Score Distribution
Percent of People with Each Score
Percentile by Number Answered
Your Score History
You have not taken this quiz